000 01064nam a2200301Ia 4500
001 dia_1266
003 CHAP
005 20230131103406.0
008 220117s1966 xx 000 0 und d
010 _a171808
040 _cCHAP
082 _a574.19212 P76 1966
110 _aAmerican Water Works Association
_95313
245 _aProcedimentos simplificados para el examen de aguas : manual simplificado de laboratorio /
_c American Water Works Association
260 _aMéxico :
_b Centro Regional de Ayuda Técnica,
_c1966
300 _a116 p.
410 _aMANUAL SIMPLIFICADO DE LABORATORIO AWW M12
590 _aQD142 P76 1966
650 _aAgua
_xAnálisis
_xManuales de laboratorio
_9150393
650 _aAgua
_xBioquímica
_9150394
650 _aWater
_xAnalysis
_xLaboratory manuals
_9150395
650 _aWater
_xBiochemistry
_9150396
710 _aAmerican Water Works Association
_95313
901 _a574.19212 P76 1966
902 _aM
905 _a5232271966 MX adn 8226223322SPA16
942 _cLIBRO
_2ddc
999 _c171808
_d171808